Rubber technology (Record no. 39963)

MARC details
000 -LEADER
fixed length control field 00680nam a2200277Ia 4500
082 ## - DEWEY DECIMAL CLASSIFICATION NUMBER
Classification number NR:62
Item number MOR
245 #0 - TITLE STATEMENT
Title Rubber technology
250 ## - EDITION STATEMENT
Edition statement Ed.3
260 ## - PUBLICATION, DISTRIBUTION, ETC. (IMPRINT)
Place of publication New York
Name of publisher Van Nostrand
Year of publication 1987
650 ## - SUBJECT ADDED ENTRY--TOPICAL TERM
Topical Term Carbon black
650 ## - SUBJECT ADDED ENTRY--TOPICAL TERM
Topical Term Ethylene propylene rubber
650 ## - SUBJECT ADDED ENTRY--TOPICAL TERM
Topical Term Filler
650 ## - SUBJECT ADDED ENTRY--TOPICAL TERM
Topical Term Flurocarbon elastomer
650 ## - SUBJECT ADDED ENTRY--TOPICAL TERM
Topical Term Foam rubber
650 ## - SUBJECT ADDED ENTRY--TOPICAL TERM
Topical Term Natural rubber
650 ## - SUBJECT ADDED ENTRY--TOPICAL TERM
Topical Term Neoprene
650 ## - SUBJECT ADDED ENTRY--TOPICAL TERM
Topical Term Polyisoprene
650 ## - SUBJECT ADDED ENTRY--TOPICAL TERM
Topical Term Polymer
650 ## - SUBJECT ADDED ENTRY--TOPICAL TERM
Topical Term Polyurethane
650 ## - SUBJECT ADDED ENTRY--TOPICAL TERM
Topical Term Reclaimed rubber
650 ## - SUBJECT ADDED ENTRY--TOPICAL TERM
Topical Term Silicone rubber
650 ## - SUBJECT ADDED ENTRY--TOPICAL TERM
Topical Term Vulcanization
700 ## - ADDED ENTRY--PERSONAL NAME
Personal name Morton, Maurice
942 ## - ADDED ENTRY ELEMENTS (KOHA)
Koha item type Reference
Holdings
Withdrawn status Lost status Damaged status Not for loan Home library Current library Date acquired Cost, normal purchase price Full call number Accession Number Koha item type
        RRII Library RRII Library 16/12/2021 56.30 NR:62 MOR 20281 Books